| 000 | 00770nam a22002177a 4500 | ||
|---|---|---|---|
| 999 |
_c10621 _d10621 |
||
| 003 | AR-CdUCM | ||
| 008 | 190401b ||||| |||| 00| 0 spa d | ||
| 040 |
_aMUNICIPALIDAD PROVINCIAL DEL CUSCO _cBIBLIOTECA MUNICIPAL DEL CUSCO |
||
| 082 |
_a343.1 / _bF89 / 1874 |
||
| 100 |
_aFuentes, Manuel _927586 |
||
| 245 | _aDerecho Constitucional Universal e historia del derecho público peruano / | ||
| 260 |
_aLima : _bImprenta del estado, _c1874 |
||
| 300 |
_a338 paginas ; _c28 cm. |
||
| 505 | _aContenido: Imperio de los incas -- españa -- Religion -- Poder electoral -- Regimen interior -- Fuerza publica... | ||
| 650 |
_aDerecho _9739 |
||
| 650 |
_aConstitucional _926777 |
||
| 650 |
_aHistoria _9136 |
||
| 650 |
_aPerú _935 |
||
| 942 |
_2ddc _cLIBROS |
||
| 945 | _apjha | ||